Omnivores A-Z - Statistics

General Stats
  • This quiz has been taken 27 times
  • The average score is 12 of 26
Answer Stats
Picture Hint Answer % Correct
C Chimpanzee
96%
D Duck
93%
A Armadillo
89%
F Fox
85%
G Gorilla
81%
L Lemur
78%
H Hedgehog
74%
B Badger
70%
P Pig
70%
R Raccoon
70%
S Skunk
70%
M Monkey
63%
O Opossum
63%
Q Quail
59%
J Jackal
41%
W Wallaby
37%
N Nutria
15%
K Koel
4%
V Vervet Monkey
4%
Z Zebra Finch
4%
E Egyptian Mongoose
0%
I Indian Palm Squirrel
0%
T Tanuki
0%
U Uakari
0%
X Xenopus
0%
Y Yellow-throated marten
0%
No matching quizzes found
Score Distribution
Percent of People with Each Score
Percentile by Number Answered
Your Score History
You have not taken this quiz